00451nam a22001337a 4500003000700000005001700007008004100024082002500065100007700090245004600167260007000213300000800283650002600291MPLRDC20220104144456.0210129b ||||| |||| 00| 0 eng d a051.4 K1KC v.21 1977 a吉隆坡坤成女子中学高中第二十一届毕业刊编辑委员会 a坤成第二十一届高中毕业特刊c ab吉陂坡坤成女子中学高中第二十一届毕业班c1977 b精 a学术纪要、学刊